FMI retail best practices food safety basics : Overview
Enregistré dans:
| Format: | Livre |
|---|---|
| Langue: | Undetermined |
| Publié: |
New Jersey
Pearson Education, Inc.
2003
|
| Sujets: | |
| Tags: |
Ajouter un tag
Pas de tags, Soyez le premier à ajouter un tag!
|
| Thư viện lưu trữ: | Trung tâm Học liệu Trường Đại học Cần Thơ |
|---|
| LEADER | 00479nam a2200181Ia 4500 | ||
|---|---|---|---|
| 001 | CTU_103311 | ||
| 008 | 210402s9999 xx 000 0 und d | ||
| 020 | |c 73.25 | ||
| 082 | |a 363.192 | ||
| 082 | |b F686 | ||
| 245 | 0 | |a FMI retail best practices food safety basics : | |
| 245 | 0 | |b Overview | |
| 260 | |a New Jersey | ||
| 260 | |b Pearson Education, Inc. | ||
| 260 | |c 2003 | ||
| 650 | |a Food safety | ||
| 904 | |i M.Loan | ||
| 980 | |a Trung tâm Học liệu Trường Đại học Cần Thơ | ||